Paralelos del Antiguo Testamento: leyes y relatos del Antiguo Oriente Bíblico
Saved in:
| Main Authors: | , |
|---|---|
| Format: | Bog |
| Sprog: | spansk |
| Udgivet: |
Santander
Sal Terrae
2004
|
| Udgivelse: | 1a. ed |
| Serier: | Panorama, 5
|
| Fag: | |
| Tags: |
Tilføj Tag
Ingen Tags, Vær først til at tagge denne postø!
|
MARC
| LEADER | 00000nam a2200000 a 4500 | ||
|---|---|---|---|
| 001 | UCK1195 | ||
| 003 | CL-VaPUC | ||
| 008 | 041105e20040000SP |||||||||||||||||spa|d | ||
| 020 | |a 8429315284 | ||
| 082 | 0 | 4 | |a 221 |b MAT |2 21 |
| 100 | |a Matthews, Victor H. |e autor |9 489050 | ||
| 700 | 0 | |a Benjamin, Don C |e author |9 489051 | |
| 245 | 1 | 0 | |a Paralelos del Antiguo Testamento: leyes y relatos del Antiguo Oriente Bíblico |
| 250 | |a 1a. ed | ||
| 300 | |a 385 p | ||
| 942 | |c BK | ||
| 945 | |d 20041105 00:00:00 |a cmena | ||
| 260 | |a Santander |b Sal Terrae |c 2004 | ||
| 650 | 0 | |a Textos sagrados |9 257605 | |
| 650 | 0 | |a Antiguo testamento |9 313678 | |
| 650 | 0 | |a Biblia |9 257603 | |
| 583 | |a last modification |c 20041105 00:00:00 |k Rodrigo Vera | ||
| 490 | 0 | |a Panorama, 5 | |
| 999 | |c 311278 |d 311276 | ||
| 952 | |0 0 |1 0 |4 0 |6 221_000000000000000_MAT_2004 |7 0 |8 A |9 380624 |a BIBTEO |b BIBTEO |d 2019-11-21 |i 4076370 |l 1 |o 221 MAT 2004 |p 4076370 |r 2025-01-17 |s 2024-09-27 |w 2019-11-21 |y BK |k ICR | ||